000 00314nam a2200121Ia 4500
005 20251208133716.0
008 251208s9999 xx 000 0 und d
082 _a332.6324
_bMAM
100 _aC. B. Mamoria
245 0 _aEconomic & Commercial Geography of India
260 _bShiva Lal Agarwala & Co
942 _cREF
999 _c601618
_d601618